000 00798nam a2200253 a 4500
008
020 _a[ ]
049 _aMAIN
090 _aTD345
_bBIR
100 1 _aBirdie, G.S.
245 1 0 _aWater supply and sanitary engineering :
_b(including environmental engineering, water and air pollution laws and ecology) /
_cby G. S. Birdie and J. S.Birdie.
260 _aNai Sarak, Delhi :
_bDhanpak rai & Sons,
_c1992.
300 _a5th ed.
300 _axvi,979 p. :
_bill. ;
_c21 cm.
500 _a[pages 1-4 missing.]
650 _aSanitary engineering.
650 _aWater
_xSupply.
700 _aBirdie, J. S.
907 _a.b1012438x
_b11-04-18
_c02-06-04
003
005 20230123133726.0
040 _cNUST
942 _cBOOKS
_kTD345
_mBIR
999 _c153557
_d153557